000
00282nam a22001217a 4500
008
181019b xxu||||| |||| 00| 0 eng d
041
_a
eng
080
_a
617
100
_a
6
101
_a
SHK
245
_a
Fracture Management: A Practical Approach
_c
Hartman, J.T
942
_2
udc
_c
BK
999
_c
50297
_d
50297